| 000 | 00820amm a2200265 4500 | ||
|---|---|---|---|
| 003 | OSt | ||
| 005 | 20240611111240.0 | ||
| 008 | 160126s2016 o d cat d | ||
| 041 | _acat | ||
| 041 | _bspa | ||
| 041 | _beng | ||
| 245 |
_aGlossari de prevenció de riscos laborals _h[en línia] |
||
| 260 |
_aBarcelona _bUniversitat Politècnica de Catalunya. Servei de Prevenció de Riscos Laborals _c2016 |
||
| 300 | _a56 p. | ||
| 500 | _aRemissions | ||
| 520 | _aaprox. 200 | ||
| 546 | _acatalà | ||
| 592 | _aObra terminològica | ||
| 593 | _aNPH | ||
| 650 | 0 |
_agestió i prevenció dels riscos laborals _973287 |
|
| 856 | _uhttps://www.upc.edu/prevencio/ca/salutupc/imatges/enquesta-de-salut-2015/glossari-de-termes/view | ||
| 901 | _c<2016> | ||
| 942 |
_cMO _2ddc _n0 |
||
| 999 |
_c68590 _d68590 |
||